Normal view
MARC view
- جرائم القتل -- مصر-- القتل الخطأ -- جرائم الضرب -- مصر
Entry Topical Term
001 - CONTROL NUMBER
- control field: 9839
003 - CONTROL NUMBER IDENTIFIER
- control field: JO-AjAnu
005 - DATE AND TIME OF LATEST TRANSACTION
- control field: 20230606071900.0
008 - FIXED-LENGTH DATA ELEMENTS
- fixed length control field: 230606|| aca||aabn | a|a d
040 ## - CATALOGING SOURCE
- Original cataloging agency: JO-AjAnu
- Transcribing agency: JO-AjAnu
150 ## - HEADING--TOPICAL TERM
- Topical term or geographic name entry element: جرائم القتل -- مصر-- القتل الخطأ -- جرائم الضرب -- مصر
670 ## - SOURCE DATA FOUND
- Source citation: Work cat.: (JO-AjAnu)5071: الشواربي ، عبد الحميد , author 9838, جرائم الايذاء في ضوء القضاء و الفقه : القتل العمد ، القتل الخطأ ، الضرب و الجرح